00550nam a22001577a 4500020001500000040000900015082001300024100003000037110002900067245005500096260004600151650006200197942001200259999001900271952010200290 a8131702456 cNUST a670bKAL aSerope Kalpakjian9123987 aSteven R. Schmid9123988 aManufacturing Processes for Engineering Materials  aUnited States:bPearson Education,c2007. aManufacturing Processes for Engineering Materials9112408 2ddccBK c609974d609974 00102ddc4070aCEMEbCEMEcGENd2024-07-02l0o670 KALpCEME- 44880r2024-07-02w2024-07-02yBK